| 000 | 00780nam a2200217Ia 4500 | ||
|---|---|---|---|
| 001 | 2437 | ||
| 003 | GE_BSU | ||
| 008 | 181216s||||||||xx |||||||||||||| ||und|| | ||
| 020 | _a5520001634 | ||
| 040 | _cGE_BSU | ||
| 080 | _a39(479.22) | ||
| 245 | _aსაველე ეთნოგრაფიული ძიებანი. | ||
| 245 | _bივ. ჯავახიშვილის სახ. ისტორიის, არქეოლოგიისა და ეთნოგრაფიის ინ–ტი | ||
| 260 | _aთბილისი | ||
| 260 | _bმეცნიერება | ||
| 260 | _c1988 | ||
| 300 | _a100გვ. | ||
| 541 | _h4 ლ. | ||
| 653 | _aსაველე ეთნოგრაფიული ძიებანი. | ||
| 942 | _cBK | ||
| 999 |
_c36519 _d36519 |
||